000 00300nab a22001097u 4500
008 130520b1983 xxu||||| |||| 00| 0 spa d
041 _aspa
100 1 _aBochet, M.
_967309
245 0 0 _aJob en la literatura
_cM. Bochet
773 0 _tConcilium
_gV.3,1983,págs.434-440
_x0210-1041
_wRev134
942 _cAR
999 _c355009
_d355009